000 00683nam a22002057a 4500
005 20140107115510.0
010 _aB-520224-256
020 _a8172249020
_c140.00
035 _aB-520224-256
037 _bBSB/Ven.
_adpl
082 _aS
100 _aHugo, Victor
245 _aThe hunchback of notre-dame /
_cby Victor Hugo
260 _aMumbai
_bJaico Publishing House
_c2012
270 _aA-2 Jash Chambers, 7-A Sir Phirozshah Mehta Raod Fort,
_bMumbai
_e400001
300 _a216p. :
_bill.
_c18cm(Hb)
490 _aJaico illustrated classics series
942 _2ddc
_cCH
_mHUG
_hS
999 _c79027
_d79027